Địa chất đại cương và địa chất lịch sử Giáo trình đào tạo giáo viên Trung học cơ sở hệ Cao đẳng sư phạm

DL014

Gorde:
Xehetasun bibliografikoak
Egile nagusia: Phùng, Ngọc Đĩnh
Formatua: Liburua
Hizkuntza:Undetermined
Argitaratua: H. Giáo dục 1998
Gaiak:
Sarrera elektronikoa:http://lrc.tdmu.edu.vn/opac/search/detail.asp?aID=2&ID=6231
Etiketak: Etiketa erantsi
Etiketarik gabe, Izan zaitez lehena erregistro honi etiketa jartzen!
Thư viện lưu trữ: Trung tâm Học liệu Trường Đại học Thủ Dầu Một
LEADER 00816nam a2200217Ia 4500
001 TDMU_6231
008 210410s9999 xx 000 0 und d
082 |a 551 
090 |b PH513 
100 |a Phùng, Ngọc Đĩnh 
245 0 |a Địa chất đại cương và địa chất lịch sử 
245 0 |b Giáo trình đào tạo giáo viên Trung học cơ sở hệ Cao đẳng sư phạm 
245 0 |c Phùng Ngọc Đĩnh 
260 |a H. 
260 |b Giáo dục 
260 |c 1998 
300 |a 143tr. 
520 |a DL014  |d Địa chất đại cương 
650 |a Địa lí; Địa chất học; Địa lí địa chất 
856 |u http://lrc.tdmu.edu.vn/opac/search/detail.asp?aID=2&ID=6231 
980 |a Trung tâm Học liệu Trường Đại học Thủ Dầu Một